| 000 | 00511nam a2200169Ia 4500 | ||
|---|---|---|---|
| 008 | 240729s9999 xx 000 0 und d | ||
| 022 | _a2392-2087 | ||
| 245 | 0 | _aToken: A Journal of English Linguistics | |
| 260 | _aPoland | ||
| 260 | _bJan Kochanowski University Press | ||
| 650 | _a English language | Language and Literature | ||
| 650 | _a English literature | ||
| 650 | _aLanguage and Literature | ||
| 856 | _uhttps://doaj.org/toc/b568c35311d1469781f3ea2e5e5c5f98 | ||
| 942 | _2ddc | ||
| 942 | _cDOAJEJ | ||
| 999 |
_c73368 _d73368 |
||
| 945 |
_a1 _bMadushi Gamage _c1 _dMadushi Gamage |
||